[Event "TUR-chT 2nd League"]
[Site "Konya"]
[Date "2022.08.28"]
[Round "9.10"]
[White "Bek, Emir"]
[Black "Baykara, Mert"]
[Result "1/2-1/2"]
[WhiteElo "1831"]
[BlackElo "1877"]
[PlyCount "62"]
[EventDate "2022.08.22"]
[EventType "team-swiss"]
[EventRounds "9"]
[EventCountry "TUR"]
[SourceTitle "CBM 210 Extra"]
[Source "ChessBase"]
[SourceDate "2022.11.30"]
[SourceVersion "1"]
[SourceVersionDate "2022.11.30"]
[SourceQuality "1"]
[WhiteTeam "Gulbahcesi Egitim"]
[BlackTeam "Istanbul Sisli"]
[WhiteTeamCountry "TUR"]
[BlackTeamCountry "TUR"]

1. d4 Nf6 2. Nf3 c5 3. d5 e6 4. c4 exd5 5. cxd5 d6 6. e4 a6 7. Nc3 b5 8. Be2 g6 9. Bg5 Nbd7 10. a4 b4 11. Nb1 h6 12. Bxf6 Qxf6 13. Qc2 Bg7 14. Ra2 0-0 15. Nbd2 Re8 16. 0-0 Nb6 17. a5 Nxd5 18. Qa4 Bb7 19. Re1 Nf4 20. Bf1 d5 21. e5 Qf5 22. Raa1 Rac8 23. Rac1 Re7 24. Nb3 Bc6 25. Qa2 d4 26. Rxc5 Nh3+ 27. Kh1 Nxf2+ 28. Kg1 Nh3+ 29. Kh1 Nf2+ 30. Kg1 Nh3+ 31. Kh1 Nf2+ 1/2-1/2

[Event "Paracin Summer op-B 12th"]
[Site "Paracin"]
[Date "2019.07.11"]
[Round "8"]
[White "Baykara, Mert"]
[Black "Opacic, Alexandar"]
[Result "0-1"]
[WhiteElo "1795"]
[BlackElo "1999"]
[PlyCount "92"]
[EventDate "2019.07.05"]
[EventType "swiss"]
[EventRounds "9"]
[EventCountry "SRB"]
[SourceTitle "EXT 2020"]
[Source "ChessBase"]
[SourceDate "2019.10.17"]
[SourceVersion "1"]
[SourceVersionDate "2019.10.17"]
[SourceQuality "1"]

1. Nf3 d5 2. g3 g6 3. Bg2 Bg7 4. 0-0 Nf6 5. d3 0-0 6. Nbd2 Re8 7. e4 e5 8. c3 Nc6 9. Re1 h6 10. Qc2 Be6 11. Nf1 Qd7 12. b4 Bh3 13. b5 Bxg2 14. Kxg2 Na5 15. Rb1 dxe4 16. dxe4 Nc4 17. N1d2 Nd6 18. Rd1 Nh5 19. Nc4 Rad8 20. Nxd6 cxd6 21. h3 Nf6 22. c4 b6 23. Ne1 Qb7 24. f3 Bf8 25. Be3 Rc8 26. Qd3 Qd7 27. Rdc1 Rc7 28. Nc2 Rec8 29. Nb4 Qe6 30. Nd5 Rb7 31. Rb4 Nd7 32. Ra4 f5 33. g4 fxg4 34. hxg4 Nf6 35. Nxf6+ Qxf6 36. Rh1 Rh7 37. Qd5+ Kh8 38. g5 Qe7 39. gxh6 g5 40. Ra3 Bxh6 41. Rd3 Rd8 42. Rdd1 Qf6 43. Rh3 g4 44. fxg4 Bxe3 45. Rxe3 Rf8 46. Qd2 Qh4 0-1

[Event "Paracin Summer op-B 12th"]
[Site "Paracin"]
[Date "2019.07.10"]
[Round "7"]
[White "Baykara, Mert"]
[Black "Kuzmanovic, Slobodan"]
[Result "0-1"]
[WhiteElo "1795"]
[BlackElo "2066"]
[PlyCount "72"]
[EventDate "2019.07.05"]
[EventType "swiss"]
[EventRounds "9"]
[EventCountry "SRB"]
[SourceTitle "EXT 2020"]
[Source "ChessBase"]
[SourceDate "2019.10.17"]
[SourceVersion "1"]
[SourceVersionDate "2019.10.17"]
[SourceQuality "1"]

1. c4 g6 2. Nc3 Bg7 3. g3 Nf6 4. Bg2 0-0 5. d4 c5 6. d5 d6 7. Nf3 e5 8. e4 a6 9. a4 Ng4 10. h3 Nh6 11. Be3 f6 12. Qd2 Nf7 13. 0-0 f5 14. a5 Nd7 15. Ng5 Nxg5 16. Bxg5 Qe8 17. Rae1 f4 18. gxf4 h6 19. fxe5 hxg5 20. e6 Ne5 21. b3 Bh6 22. Na4 Kg7 23. Qc2 Bxe6 24. dxe6 Qxe6 25. Rd1 Rad8 26. Rd5 Kh7 27. Nxc5 Qf6 28. Na4 g4 29. hxg4 Bf4 30. f3 Qh4 31. Rfd1 Nxg4 32. Qe2 Bh2+ 33. Kh1 Bg3+ 34. Bh3 Qxh3+ 35. Kg1 Bh2+ 36. Kh1 Bf4+ 0-1

[Event "TUR-chT 2nd League"]
[Site "Konya"]
[Date "2018.07.19"]
[Round "6.11"]
[White "Turan, Erkan"]
[Black "Baykara, Mert"]
[Result "0-1"]
[WhiteElo "1657"]
[BlackElo "1812"]
[PlyCount "96"]
[EventDate "2018.07.16"]
[EventType "team-swiss"]
[EventRounds "9"]
[EventCountry "TUR"]
[SourceTitle "EXT 2019"]
[Source "ChessBase"]
[SourceDate "2018.10.10"]
[SourceVersion "1"]
[SourceVersionDate "2018.10.10"]
[SourceQuality "1"]
[WhiteTeam "Gulbahcesi Egitim"]
[BlackTeam "Istanbul Sisli"]
[WhiteTeamCountry "TUR"]
[BlackTeamCountry "TUR"]

1. Nf3 Nf6 2. c4 g6 3. Nc3 Bg7 4. b3 c5 5. Bb2 0-0 6. e3 d5 7. Nxd5 Nxd5 8. Bxg7 Nxe3 9. fxe3 Kxg7 10. Be2 Nc6 11. 0-0 e5 12. d3 f5 13. Qd2 Be6 14. Rad1 Qf6 15. d4 exd4 16. exd4 cxd4 17. Nxd4 Rad8 18. Nxe6+ Qxe6 19. Qc3+ Qe5 20. Qxe5+ Nxe5 21. Bf3 Nxf3+ 22. gxf3 Rfe8 23. Kf2 Kf6 24. Rfe1 g5 25. b4 Rxe1 26. Rxe1 Rd4 27. Rc1 Rd2+ 28. Kg3 f4+ 29. Kh3 Rxa2 30. c5 Rb2 31. c6 bxc6 32. Rxc6+ Ke5 33. Ra6 Kd4 34. Rxa7 h5 35. Rh7 Ke3 36. Rxh5 Kxf3 37. Rxg5 Rxb4 38. Ra5 Re4 39. Kh4 Kf2 40. Ra2+ Re2 41. Ra3 f3 42. Kg4 Re4+ 43. Kf5 Rh4 44. h3 Rxh3 45. Kg4 Rg3+ 46. Kf4 Kg2 47. Rb3 Rg8 48. Rc3 f2 0-1

[Event "TUR-chT 2nd League"]
[Site "Konya"]
[Date "2017.07.18"]
[Round "3.9"]
[White "Baykara, Mert"]
[Black "Ozmen, Mustafa Lutfi Poyra"]
[Result "1/2-1/2"]
[WhiteElo "1884"]
[BlackElo "1922"]
[PlyCount "172"]
[EventDate "2017.07.17"]
[EventType "team-swiss"]
[EventRounds "9"]
[EventCountry "TUR"]
[SourceTitle "CBM 179 Extra"]
[Source "ChessBase"]
[SourceDate "2017.08.23"]
[SourceVersion "1"]
[SourceVersionDate "2017.08.23"]
[SourceQuality "1"]
[WhiteTeam "Istanbul Sisli"]
[BlackTeam "Mersin Zeka"]
[WhiteTeamCountry "TUR"]
[BlackTeamCountry "TUR"]

1. Nf3 d5 2. g3 c6 3. Bg2 Bg4 4. Ne5 Bf5 5. d4 e6 6. 0-0 Bd6 7. Nd2 Nd7 8. e4 dxe4 9. Bxe4 Ne7 10. f4 f6 11. g4 fxe5 12. gxf5 exf5 13. fxe5 Bxe5 14. dxe5 fxe4 15. Nc4 Nc8 16. Qg4 Qe7 17. Qxe4 Ndb6 18. Ne3 Qg5+ 19. Kh1 Qg6 20. Qf3 Ne7 21. Rg1 Qf7 22. Qg4 0-0 23. e6 Qf3+ 24. Qxf3 Rxf3 25. Ng4 Nf5 26. b3 Nd5 27. c4 Nc7 28. Nf6+ Kh8 29. e7 gxf6 30. Bb2 Nxe7 31. Rad1 Ng6 32. Rd7 Rc8 33. h4 Ne8 34. h5 Rh3+ 35. Kg2 Rxh5 36. Rgd1 Rg5+ 37. Kh2 Nf8 38. Rd8 Rh5+ 39. Kg3 Rg5+ 40. Kh3 Rxd8 41. Rxd8 Kg7 42. Rxe8 Ng6 43. Rb8 Nf4+ 44. Kh4 Kg6 45. Bc1 h5 46. Bxf4 Rg4+ 47. Kh3 Rxf4 48. Rxb7 a5 49. Rc7 Rf2 50. Rxc6 Rxa2 51. Ra6 Kg5 52. b4 Ra3+ 53. Kg2 axb4 54. Rb6 b3 55. c5 Ra2+ 56. Kf3 Rc2 57. Rxb3 Rxc5 58. Rb8 Rc3+ 59. Kg2 h4 60. Rg8+ Kf4 61. Ra8 f5 62. Ra4+ Kg5 63. Ra8 Kg4 64. Rg8+ Kf4 65. Rf8 Rg3+ 66. Kf2 Rg5 67. Ra8 Kg4 68. Kg2 h3+ 69. Kh2 f4 70. Ra4 Rb5 71. Ra8 Rb2+ 72. Kh1 Rb1+ 73. Kh2 Rb2+ 74. Kh1 Kg3 75. Rg8+ Kf2 76. Rh8 Kg3 77. Rg8+ Kf3 78. Re8 Re2 79. Rh8 h2 80. Rh3+ Ke4 81. Rh8 f3 82. Re8+ Kd3 83. Rd8+ Ke3 84. Rd3+ Ke4 85. Rd4+ Ke5 86. Rd5+ Kf4 1/2-1/2